| 000 | 00685nam a22002177a 4500 | ||
|---|---|---|---|
| 999 |
_c10984 _d10984 |
||
| 003 | AR-CdUCM | ||
| 008 | 190402b ||||| |||| 00| 0 spa d | ||
| 040 |
_aMUNICIPALIDAD PROVINCIAL DEL CUSCO _cBIBLIOTECA MUNICIPAL DEL CUSCO |
||
| 082 |
_a869.56 / _bR621V / 1944 |
||
| 100 |
_aRivera, Luis G _928087 |
||
| 245 |
_aVersos cholos : _bpoemas / |
||
| 260 |
_aChiclayo : _bBracamonte, _c1944. |
||
| 300 |
_a48 páginas ; _c22 cm. |
||
| 500 | _aDonación de la familia Nieto. Dedicatoria a Luis Nieto. Libro Dañado. | ||
| 505 | _aContenido: Poesías. | ||
| 650 |
_aPoesia _91598 |
||
| 650 |
_aPoemas Peruanos _91040 |
||
| 650 |
_aSiglo XX _98 |
||
| 942 |
_2ddc _cLIBROS |
||
| 945 | _acmm | ||